000 00746nam a2200205Ia 4500
005 20260121110212.0
008 008 260114s9999 xx 000 0 hin d
020 _a9788132301431
037 _aEBOOK
040 _aCRL
_bhin
_cCRL
041 _ahin
_2hin
084 _qCRL
100 _aराजेन्द्र साह / Rajendra Sahai
_9943296
245 0 _aभारत में विद्यालयों का संगठन एवं प्रबन्धन / Bharat mein vidyalayon ka sangathan aur prabandhan
260 _bभाषा प्रकाशन / Bhasha Prakashan
_c2020
856 _uhttps://bhashaprakashan.com/product-details/377809
942 _cEBOOK
999 _c1534961
_d1534961